| 000 | 01133 a2200193 4500 | ||
|---|---|---|---|
| 003 | Nust | ||
| 005 | 20221229190034.0 | ||
| 020 | _a8177223291 | ||
| 040 | _cNust | ||
| 082 | _a621.3981,MCD | ||
| 100 |
_aDave Paw _9106450 |
||
| 245 |
_aCommunications Networking ATM&MPLS &theory and application foundations of multi-service networking _b the ultimate refrence / _cDave Paw |
||
| 260 |
_aNew Delhi _bDream tech _c2003 |
||
| 300 | _a937p | ||
| 505 | _aPart 1: Overview Introduction Background Motivation and Standards (Page-3), Part 2:Networking and Protocol Fundamentals (Page-39) Part 3: Foundations of ATM and MPLS: Protocols and Structure (Page-253) Part 4: ATM and MPLS Support for Networking Applications (Page-443) Part 5: Quality of Service Traffic Management and Congestions Control (Page-565) Part 6: Communications Engineering and Design Consideration (Page-675) Part 7: Operations and Networks Management for ATM and MPLS (Page-459), Part 8: Design Consideration and Future Direction Involving ATM and MPLS (Page-825). | ||
| 600 |
_aDave Paw _9106450 |
||
| 650 |
_aCommunication Netwroking _9106451 |
||
| 942 |
_2ddc _cBK |
||
| 999 |
_c183963 _d183963 |
||